|
|
|
|
| LEADER |
00000cam a2200000 7i4500 |
| 001 |
0000005208 |
| 005 |
20151222.0 |
| 008 |
070802 |
| 020 |
|
|
|a 9832642817
|
| 090 |
0 |
0 |
|a JF
|b MOR MAL (6127)
|
| 100 |
0 |
|
|a Yulis Haji Alwi
|
| 245 |
1 |
0 |
|a Sungai jernih
|c Yulis Haji Alwi
|
| 260 |
|
|
|a Kuala Lumpur :
|b Pustaka Buana ,
|c 2005
|
| 440 |
|
|
|a Siri kisah membina teladan
|
| 500 |
|
|
|a Children ages 7-9 years old (orange)
|
| 650 |
|
0 |
|a Readers
|x Moral
|
| 999 |
|
|
|a 0000907880
|b Book
|c Children Collection
|e Cawangan Bandar Tenggara
|
| 999 |
|
|
|a 0000907881
|b Book
|c Children Collection
|e Cawangan Bandar Tenggara
|
| 999 |
|
|
|a 0000907882
|b Book
|c Children Collection
|e Cawangan Bandar Tenggara
|
| 999 |
|
|
|a 0000907883
|b Book
|c Children Collection
|e Cawangan Bandar Tenggara
|
| 999 |
|
|
|a 0000917286
|b Book
|c Children Collection
|e Cawangan Bukit Gambir
|
| 999 |
|
|
|a 0000917287
|b Book
|c Children Collection
|e Cawangan Bukit Gambir
|
| 999 |
|
|
|a 0000928302
|b Book
|c Children Collection
|e Cawangan Tangkak
|
| 999 |
|
|
|a 0000928303
|b Book
|c Children Collection
|e Cawangan Tangkak
|
| 999 |
|
|
|a 0000928304
|b Book
|c Children Collection
|e Cawangan Tangkak
|
| 999 |
|
|
|a 0000978158
|b Book
|c Children Collection
|e Perbadanan Perpustakaan Awam Johor
|
| 999 |
|
|
|a 0000978159
|b Book
|c Children Collection
|e Perbadanan Perpustakaan Awam Johor
|
| 999 |
|
|
|a 0000978161
|b Book
|c Children Collection
|e Perbadanan Perpustakaan Awam Johor
|
| 999 |
|
|
|a 0001043726
|b Book
|c Children Collection
|e Cawangan Bandar Penawar
|